Guide to the Records of the United States House of Representatives at the National Archives (Record no. 1159)
[ view plain ]
| 000 -LEADER | |
|---|---|
| fixed length control field | 00557nam a22001217a 4500 |
| 008 - FIXED-LENGTH DATA ELEMENTS--GENERAL INFORMATION | |
| fixed length control field | 230619b xxu||||| |||| 00| 0 eng d |
| 082 ## - DEWEY DECIMAL CLASSIFICATION NUMBER | |
| Classification number | 016.32 |
| Item number | SCH |
| 100 ## - MAIN ENTRY--PERSONAL NAME | |
| Titles and words associated with a name | Charles E. Schamel, Mary Rephlo, Rodney Ross,David Kepley, Robert W.Coren and James Gregory Bradsher |
| 245 ## - TITLE STATEMENT | |
| Title | Guide to the Records of the United States House of Representatives at the National Archives |
| Remainder of title | 1789-1989 |
| Statement of responsibility, etc. | Bicentennial Edition |
| Medium | Prepared under the Directional of Donald K.Anderson Clerk of the House of Representatives |
| 260 ## - PUBLICATION, DISTRIBUTION, ETC. (IMPRINT) | |
| Date of publication, distribution, etc. | January 1989 |
| 300 ## - PHYSICAL DESCRIPTION | |
| Extent | 466p |
| 942 ## - ADDED ENTRY ELEMENTS (KOHA) | |
| Source of classification or shelving scheme | Dewey Decimal Classification |
| Koha item type | Books |
| Withdrawn status | Lost status | Source of classification or shelving scheme | Damaged status | Not for loan | Home library | Current library | Date acquired | Total Checkouts | Full call number | Barcode | Date last seen | Price effective from | Koha item type |
|---|---|---|---|---|---|---|---|---|---|---|---|---|---|
| Dewey Decimal Classification | County Hall Archives | County Hall Archives | 06/19/2023 | 016.32 SCH | 10001486 | 06/19/2023 | 06/19/2023 | Books |
